000 00685nam a2200277Ia 4500
001 Z_134
003 CHAP
008 220113s1986 xx 000 0 und d
010 _a163105
040 _cCHAP
082 _a636.085 F5
100 _aFlores Menéndez , José Alberto
_9137349
245 _aManual de alimentación animal /
_cpor Jorge Alberto Flores Menéndez
260 _aMéxico, D. F. :
_bCiencia y Técnica,
_c1986
300 _a4 v.
440 _a
500 _a
503 _a145679
650 _aAlimentos y alimentación del ganado I. t.
_9137350
901 _a636.085 F5
902 _aA
910 _a1986
942 _c1
942 _cc1
999 _c163105
_d163105